Zigarettenmarken - Statistiken

Allgemein
  • Dieses Quiz wurde 207 mal gespielt
  • Das Durchschnittsergebnis liegt bei 9 aus 16
Antwortstatistiken
Bildquiz Antwort % Korrekt
Camel
97%
Lucky Strike
91%
Winston
85%
L&M
81%
Marlboro
80%
Pall Mall
79%
Pueblo
64%
West
60%
Davidoff
53%
American Spirit
51%
Tawa
50%
JPS
36%
Chesterfield
35%
Gauloises
30%
Benson and Hedges
29%
Roth-Hände
1%
Keine übereinstimmenden Quizze gefunden
Verteilung der Resultate
Anzahl Personen mit jedem Resultat
Perzentil nach korrekt beantworteten Fragen
Ihre Resultats-Entwicklung
Sie haben dieses Quiz noch nicht gespielt